Αξιολόγηση ηλεκτρονικών παιχνιδιών σχετικά με τα μηνύματα που περνούν για την αειφορία : διπλωματική εργασία [μεταπτυχιακή εργασία]
Αποθηκεύτηκε σε:
| Κύριος συγγραφέας: | |
|---|---|
| Άλλοι συγγραφείς: | |
| Μορφή: | Thesis Βιβλίο |
| Γλώσσα: | Greek |
| Δημοσίευση: |
2014.
|
| Θέματα: | |
| Διαθέσιμο Online: | http://hdl.handle.net/11610/16266 |
| Ετικέτες: |
Προσθήκη ετικέτας
Δεν υπάρχουν, Καταχωρήστε ετικέτα πρώτοι!
|
MARC
| LEADER | 00000cam a2200000 a 4500 | ||
|---|---|---|---|
| 001 | 1/106975 | ||
| 008 | 150616s2014####gr | ||| |||| ||gre|| | ||
| 040 | |a GR-MyUa |b gre |c GR-MyUa |e AACR2 | ||
| 041 | 0 | |a gre | |
| 082 | 7 | |a 363.7 |2 (23) | |
| 100 | 1 | |a Κουτελίδα, Δήμητρα. | |
| 245 | 1 | 0 | |a Αξιολόγηση ηλεκτρονικών παιχνιδιών σχετικά με τα μηνύματα που περνούν για την αειφορία : |b διπλωματική εργασία [μεταπτυχιακή εργασία] / |c Κουτελίδα Δήμητρα ; επιβλέπουσα καθηγήτρια Λιαράκου Γεωργία. |
| 260 | |c 2014. | ||
| 300 | |a 147 σ. : |b πιν. ; |c 30 εκ. | ||
| 502 | # | # | |a Διατριβή (μεταπτυχιακή) – Πανεπιστήμιο Αιγαίου, Ρόδος, 2014. |
| 504 | |a Βιβλιογραφία: σ. 127-131. | ||
| 506 | 1 | |a Πλήρες κείμενο - ελεύθερη δημοσίευση - κλειδωμένη η δυνατότητα αντιγραφής. | |
| 650 | 0 | |a Environmental education. | |
| 650 | 0 | |a Environmental education |x Computer network resources. | |
| 650 | 0 | |a Educational games |x Software. | |
| 650 | 0 | |a Simulation games in education. | |
| 700 | 1 | |a Λιαράκου, Γεωργία, |e dgsf [Επιβλέπουσα καθηγήτρια] | |
| 852 | |a INST |b RHODES |c DIATR |e 20150616 |h 363.7 ΚΟΥ |p 005400037830 |q 005400037830 |t MTXE |y 23 | ||
| 852 | |a INST |b RHODES |c DIATR |e 20150616 |h 363.7 ΚΟΥ |p 005400037831 |q 005400037831 |t MTXE |y 23 | ||
| 856 | |u http://hdl.handle.net/11610/16266 | ||
| 924 | |a Κουτελίδα |b Δήμητρα |y Ρόδος |z 2015-03 | ||
| 970 | |z 16-06-2015 | ||